000 00808nam a2200241 i 4500
001 bg
100 1 _aGAŁCZYŃSKI, Stefan
245 1 0 _aPodstawy budownictwa podziemnego /
_cStefan Gałczyński.
260 _aWrocław :
_bOficyna Wydawnicza Politechniki Wrocławskiej,
_c2001.
300 _a456, [1] s. :
_bil. ;
_c25 cm.
504 _aBibliogr.
650 9 _aBudownictwo podziemne
655 _aPodręczniki akademickie
015 _aPB 3354/2002
020 _a8370855830
040 _cBPK
041 0 _apol
080 _a624.19:624.131](075.8)
920 _a83-7085-583-0
942 _cKS
008 s pl f |000 0 pol
999 _c51624
_d51624
856 _uhttp://koha.tu.koszalin.pl/cgi-bin/koha/opac-detail.pl?biblionumber=51624
_yKatalog online BPK